| 000 | 00371nam a22001457a 4500 | ||
|---|---|---|---|
| 020 | _a978-0-241-42691-3 | ||
| 082 |
_a823 _bMUR/W |
||
| 100 | _aMURPHY, JILL | ||
| 245 | _aTHE WORST WITCH:AII AT SEA | ||
| 246 |
_aTHE WORST WITCH:AII AT SEA _bTHE WORST WITCH:AII AT SEA |
||
| 260 |
_aU K _bPUFFIN _c2016 |
||
| 300 | _a215 | ||
| 650 | _aENGLISH ADVENTROUS STORY | ||
| 942 | _cBK | ||
| 999 |
_c8989 _d8989 |
||